00413nam a22001577a 450000500170000001000150001702000260003203500140005803700130007208200080008510000170009324500400011026000430015027000420019330000200023520181011150753.0 aENG-124241 c150.00a9789350451601 aEN-107773 bDBAD/PUB a881 aRay, Diganta aPen at the pollen /cby Diganta Ray aCalcuttabWriters Workshop Booksc2017 bCalcuttae700045a162/92 Lake gardens a73p.c22cm (Hb)